| 000 | 00661cab a2200229 4500 | ||
|---|---|---|---|
| 001 | ABS54808 | ||
| 008 | 090401t1996 xxu||||| |||| 00| 0 eng d | ||
| 035 | _a(Sirsi) u12347 | ||
| 041 | _aeng | ||
| 100 | _aBone, C. | ||
| 245 | 2 | _aA guide to value | |
| 260 | _c1996 | ||
| 350 | _a0 | ||
| 490 |
_aMunicipal Journal _v(10) 8 March 1996, 25(1) |
||
| 520 | _aReviews HM Treasury`s "Value management" offering guidance on application of value management in local authority projects. | ||
| 650 | _aLOCAL AUTHORITIES | ||
| 650 | _aVALUE ENGINEERING | ||
| 650 | _aVALUE MANAGEMENT | ||
| 690 |
_aProject management _96261 |
||
| 942 | _n0 | ||
| 948 | _c04/03/1997 | ||
| 999 |
_c7895 _d7895 |
||